Antropología: (Registro nro. 7434)

Detalles MARC
000 -LEADER
fixed length control field 00975nam a22002417a 4500
003 - CONTROL NUMBER IDENTIFIER
control field OSt
005 - DATE AND TIME OF LATEST TRANSACTION
control field 20210303155751.0
008 - FIXED-LENGTH DATA ELEMENTS--GENERAL INFORMATION
fixed length control field 210303s1980 sp ado|gr|||| 00| 0 spa d
020 ## - INTERNATIONAL STANDARD BOOK NUMBER
International Standard Book Number 8428203318
040 ## - CATALOGING SOURCE
Original cataloging agency CO-JMCR
Transcribing agency CO-JMCR
041 1# - LANGUAGE CODE
Language code of text/sound track or separate title spa
Language code of original eng
082 04 - DEWEY DECIMAL CLASSIFICATION NUMBER
Classification number 572 /
Item number H693a
Edition number 23
100 1# - MAIN ENTRY--PERSONAL NAME
Personal name Hoebel, E. Adamson (Edward Adamson),
Relator term autor
9 (RLIN) 14329
245 10 - TITLE STATEMENT
Title Antropología:
Remainder of title el estudio del hombre /
Statement of responsibility, etc. Adamson Hoebel, E. ; traducido por Jorge Freixas
260 ## - PUBLICATION, DISTRIBUTION, ETC.
Place of publication, distribution, etc. Barcelona :
Name of publisher, distributor, etc. Omega,
Date of publication, distribution, etc. 1980
300 ## - PHYSICAL DESCRIPTION
Extent 597 páginas :
Other physical details ilustraciones, gráficos y fotografías a color y blanco y negro ;
Dimensions 24 cm.
504 ## - BIBLIOGRAPHY, ETC. NOTE
Bibliography, etc. note Bibliografía : páginas 541-560.
505 0# - FORMATTED CONTENTS NOTE
Formatted contents note El concepto de cultura -- La evolución del hombre y de la cultura -- Raza y cultura -- Cultura primitiva y sociedad -- La antropología hoy y mañana
650 14 - SUBJECT ADDED ENTRY--TOPICAL TERM
Topical term or geographic name entry element Antropología
9 (RLIN) 14330
650 24 - SUBJECT ADDED ENTRY--TOPICAL TERM
Topical term or geographic name entry element Sociedades primitivas
9 (RLIN) 14331
700 1# - ADDED ENTRY--PERSONAL NAME
Personal name Freixas, Jorge,
Relator term traductor
9 (RLIN) 14332
942 ## - ADDED ENTRY ELEMENTS (KOHA)
Source of classification or shelving scheme Dewey Decimal Classification
Koha item type Books
Existencias
Withdrawn status Lost status Source of classification or shelving scheme Damaged status Not for loan Home library Current library Shelving location Date acquired Source of acquisition Total Checkouts Full call number Barcode Date last seen Date last checked out Copy number Price effective from Koha item type
    Dewey Decimal Classification     Biblioteca Pública José María del Castillo y Rada Biblioteca Pública José María del Castillo y Rada General Stacks   Donación 2 572 / H693a 201810540 10/31/2025 10/31/2025 Ej.1   Books